2025 FIFA Club World Cup - Sudden Death - Statistics

General Stats
  • This quiz has been taken 631 times
  • The average score is 24 of 32
Answers on the Grid
Answers color-coded by a green-red scale on the quiz's grid according to % correct below.
Al Ahly
Al Ain
Al-Hilal
Al-Quwa Al-Jawiya
Atlético Madrid
Auckland City
Barcelona
Bayern Munich
Benfica
Boca Juniors
Borussia Dortmund
Botafogo RJ
Chelsea
Club Brugge
Dinamo Zagreb
Espérance de Tunis
Flamengo
Fluminense
Independiente del Valle
Inter Miami CF
Inter Milan
Juventus
Lazio
Liverpool
Los Angeles FC
Mamelodi Sundowns
Manchester City
Marseille
Melbourne City
Monterrey
Nacional
Pachuca
Palmeiras
Paris Saint-Germain
Porto
PSV Eindhoven
Real Madrid
Red Bull Salzburg
River Plate
Seattle Sounders FC
Shakhtar Donetsk
Shandong Taishan
Ulsan HD
Urawa Red Diamonds
Wydad AC
 
Answer Stats
Answer % Correct
Chelsea
85%
Bayern Munich
82%
Inter Miami CF
82%
Paris Saint-Germain
82%
Real Madrid
82%
Manchester City
81%
Atlético Madrid
80%
Al-Hilal
79%
Inter Milan
79%
Auckland City
78%
Borussia Dortmund
77%
Palmeiras
77%
Boca Juniors
76%
Fluminense
76%
Al Ahly
75%
Benfica
75%
Flamengo
75%
Botafogo RJ
74%
Juventus
74%
Porto
74%
River Plate
71%
Seattle Sounders FC
71%
Los Angeles FC
70%
Monterrey
70%
Urawa Red Diamonds
68%
Red Bull Salzburg
67%
Mamelodi Sundowns
65%
Pachuca
65%
Wydad AC
65%
Al Ain
64%
Espérance de Tunis
64%
Ulsan HD
60%
No matching quizzes found
Score Distribution
Percent of People with Each Score
Percentile by Number Answered
Your Score History
You have not taken this quiz